Virtuální polytechnická knihovna - Souborný katalog - Úplný záznam dokumentu - MARC Uživatel: --- 
-----nas  22-----zu 4500
001 SKVPK0031843
003 CZ-VPK
005 20260422092817.0
008 260422d19001977||||| | |||  ||   |||||||
022   $a0030-3925
040   $aABA013$bcze
222  0$aOptical journal and review of optometry
245 00$aOptical journal and review of optometry
260   $aSpojené státy americké :$bPhiladelphia : Chilton,$c1900-1977
650 07$afyzika$xfy$2psh
780 00$tOptical journal,$x0092-6973
780 00$tOptical review
785 00$tChilton's review of optometry$x0147-7633
910   $aABA013$r1947-1949
OAI-PMH
 čtvrtek 14.05.2026 05:51:09 © 2001-2015 Národní technická knihovna 

[Virtuální polytechnická knihovna] [Servisní centrum] [Souborný katalog]